[Event "GRE-ch U14"]
[Site "Thessaloniki"]
[Date "2022.08.20"]
[Round "4"]
[White "Stoimenidis, Markos"]
[Black "Gavriilidis, Nikiforos"]
[Result "0-1"]
[WhiteElo "1279"]
[BlackElo "1286"]
[PlyCount "94"]
[EventDate "2022.08.18"]
[EventType "swiss"]
[EventRounds "9"]
[EventCountry "GRE"]
[SourceTitle "EXT 2024"]
[Source "ChessBase"]
[SourceDate "2023.10.10"]
[SourceVersion "1"]
[SourceVersionDate "2023.10.10"]
[SourceQuality "1"]

1. e4 c5 2. Nf3 Nc6 3. d4 cxd4 4. Nxd4 g6 5. c4 Nf6 6. Nc3 Nxd4 7. Qxd4 d6 8. Be3 Bg7 9. Be2 0-0 10. Qd2 a5 11. 0-0 a4 12. Rad1 Qa5 13. f4 Be6 14. Bd3 Ng4 15. f5 Nxe3 16. Qxe3 Bd7 17. Nd5 Rfe8 18. f6 exf6 19. Nxf6+ Bxf6 20. Rxf6 Qe5 21. Rdf1 Be6 22. R6f2 Kg7 23. Qb6 Re7 24. Qb4 Rd7 25. Bc2 Qa5 26. Qxa5 Rxa5 27. Bd3 Rc5 28. Rc2 Rdc7 29. Rfc1 Kf6 30. Kf2 Ke5 31. Ke3 h5 32. b4 axb3 33. axb3 Ra5 34. b4 Ra4 35. b5 b6 36. h4 Rca7 37. g3 Ra1 38. Rxa1 Rxa1 39. Be2 Ra3+ 40. Bd3 f5 41. exf5 Bxf5 42. Rd2 Rxd3+ 43. Rxd3 Bxd3 44. Kxd3 d5 45. c5 bxc5 46. Kc3 Kd6 47. Kb3 Kc7 0-1

[Event "GRE-ch U14"]
[Site "Thessaloniki"]
[Date "2022.08.19"]
[Round "3"]
[White "Gavriilidis, Nikiforos"]
[Black "Tsakonas, Konstantinos"]
[Result "0-1"]
[WhiteElo "1286"]
[BlackElo "1741"]
[PlyCount "80"]
[EventDate "2022.08.18"]
[EventType "swiss"]
[EventRounds "9"]
[EventCountry "GRE"]
[SourceTitle "EXT 2023"]
[Source "ChessBase"]
[SourceDate "2022.10.05"]
[SourceVersion "1"]
[SourceVersionDate "2022.10.05"]
[SourceQuality "1"]

1. d4 Nf6 2. c4 e6 3. Nc3 Bb4 4. e3 Ne4 5. Qc2 f5 6. a3 Bxc3+ 7. bxc3 b6 8. f3 Nd6 9. Bd3 Ba6 10. Qe2 0-0 11. e4 Nc6 12. e5 Nb7 13. f4 Nba5 14. Rb1 Ne7 15. Nf3 Bb7 16. 0-0 Qe8 17. Re1 Qg6 18. Bd2 Rab8 19. c5 Bc6 20. c4 Nb7 21. cxb6 axb6 22. d5 exd5 23. e6 d6 24. Nd4 Nd8 25. Nxc6 Ndxc6 26. cxd5 Nxd5 27. Rbc1 Nde7 28. Qf2 Rb7 29. Rxc6 Nxc6 30. e7 Re8 31. Bc4+ Kh8 32. Qf3 d5 33. Bxd5 Nd4 34. Qd3 c6 35. Ba2 c5 36. Qa6 Rbxe7 37. Rxe7 Rxe7 38. Qa8+ Qe8 39. Qd5 Re1+ 40. Kf2 Re2+ 0-1

[Event "GRE-chT U16"]
[Site "Thessaloniki"]
[Date "2021.12.17"]
[Round "2.3"]
[White "Terzakis, Georgios"]
[Black "Gavriilidis, Nikiforos"]
[Result "1/2-1/2"]
[WhiteElo "1232"]
[BlackElo "1269"]
[PlyCount "196"]
[EventDate "2021.12.16"]
[EventType "team-swiss"]
[EventRounds "6"]
[EventCountry "GRE"]
[SourceTitle "CBM 205 Extra"]
[Source "ChessBase"]
[SourceDate "2022.01.31"]
[SourceVersion "1"]
[SourceVersionDate "2022.01.31"]
[SourceQuality "1"]
[WhiteTeam "OFI"]
[BlackTeam "Kalamarias Han"]
[WhiteTeamCountry "GRE"]
[BlackTeamCountry "GRE"]

1. d4 d5 2. c4 e6 3. Nc3 Be7 4. cxd5 exd5 5. Nf3 c6 6. Bf4 Bf5 7. e3 Nd7 8. Be2 Ngf6 9. h3 0-0 10. 0-0 h6 11. a3 a5 12. Rc1 Nb6 13. Na4 Nxa4 14. Qxa4 Qb6 15. Qd1 Qxb2 16. Bd3 Bxd3 17. Qxd3 Qxa3 18. Qf5 Bd8 19. g4 Qe7 20. g5 hxg5 21. Nxg5 Qd7 22. Qb1 Re8 23. Be5 Ne4 24. Nxe4 dxe4 25. Kh2 Bc7 26. Bxc7 Qxc7+ 27. Kh1 Qd7 28. Kg2 Re6 29. Rh1 a4 30. Qb4 Qe7 31. Rb1 Qxb4 32. Rxb4 Rg6+ 33. Kh2 b5 34. d5 cxd5 35. Rxb5 Rc6 36. Rxd5 Rc2 37. Kg3 Rb2 38. Rhd1 Kh7 39. Rd8 Rab8 40. Rxb8 Rxb8 41. Ra1 Rb4 42. Ra3 Kg6 43. Kg4 Rb2 44. Rxa4 Rxf2 45. Kg3 Rf3+ 46. Kg2 Rxe3 47. h4 Kf5 48. Ra7 Kg6 49. Ra6+ f6 50. Ra7 Kh6 51. Rb7 g5 52. Rb6 Kg6 53. h5+ Kxh5 54. Rxf6 Kg4 55. Re6 Kf5 56. Re8 Kg4 57. Re7 Re2+ 58. Kf1 Ra2 59. Rxe4+ Kf3 60. Re1 g4 61. Rb1 Ra3 62. Kg1 Kg3 63. Rc1 Kh3 64. Rb1 Rg3+ 65. Kh1 Rf3 66. Rg1 Rf2 67. Ra1 Rf3 68. Kg1 Rg3+ 69. Kh1 Re3 70. Kg1 Kh4 71. Rb1 Kg3 72. Ra1 Kf3 73. Rf1+ Kg3 74. Ra1 Rf3 75. Rb1 Kf4 76. Ra1 Kf5 77. Rf1 Kf4 78. Ra1 Re3 79. Rb1 Kf3 80. Rf1+ Ke2 81. Rf2+ Kd3 82. Rf1 Rg3+ 83. Kh1 Ke2 84. Ra1 Re3 85. Kg1 Rg3+ 86. Kh1 Rf3 87. Kg1 Re3 88. Ra2+ Kf3 89. Ra1 Rd3 90. Rb1 Ke2 91. Rb2+ Ke3 92. Rb1 Kf3 93. Rf1+ Ke2 94. Ra1 Rg3+ 95. Kh1 Rf3 96. Kg1 Rg3+ 97. Kh1 Re3 98. Kg1 Kf3 1/2-1/2

[Event "GRE-chT2 48th"]
[Site "Thessaloniki"]
[Date "2021.10.06"]
[Round "2.2"]
[White "Gavriilidis, Nikiforos"]
[Black "Karakotsios, Konstantinos"]
[Result "1/2-1/2"]
[WhiteElo "1230"]
[BlackElo "1325"]
[PlyCount "142"]
[EventDate "2021.10.05"]
[EventType "team-swiss"]
[EventRounds "7"]
[EventCountry "GRE"]
[SourceTitle "CBM 204 Extra"]
[Source "ChessBase"]
[SourceDate "2021.11.30"]
[SourceVersion "1"]
[SourceVersionDate "2021.11.30"]
[SourceQuality "1"]
[WhiteTeam "Kalamarias Han"]
[BlackTeam "Galaxias"]
[WhiteTeamCountry "GRE"]
[BlackTeamCountry "GRE"]

1. e4 e6 2. d4 d5 3. Nc3 Bb4 4. e5 c5 5. a3 Bxc3+ 6. bxc3 Qa5 7. Bd2 Qa4 8. Qg4 Kf8 9. Ra2 Nc6 10. Nf3 Nge7 11. Bd3 Ng6 12. Bxg6 hxg6 13. 0-0 b6 14. h3 Ba6 15. Rfa1 Be2 16. Be3 cxd4 17. cxd4 Rc8 18. c3 Bxf3 19. Qxf3 Na5 20. Bd2 Rc7 21. Rb1 Nc4 22. Be1 Ke7 23. Rb4 Qa6 24. Qd1 Rhc8 25. a4 Na5 26. Rab2 Rb8 27. Qb1 Nc4 28. R2b3 Qc8 29. Rb5 Na5 30. R3b4 Rc4 31. Bd2 Rxb4 32. Rxb4 Qd7 33. Rb5 Nc4 34. Be1 Ke8 35. Rb4 a5 36. Rb3 Qxa4 37. g3 Qc6 38. Qa2 a4 39. Rb4 Ra8 40. Kf1 b5 41. Ke2 a3 42. Bd2 Rc8 43. Qa1 Ra8 44. Qa2 Nb6 45. Kd3 Nc4 46. Kc2 Ra5 47. Bc1 Qa6 48. h4 Ra4 49. Rxa4 Qxa4+ 50. Qb3 Qa5 51. Kb1 Ke7 52. Ka2 f6 53. f4 fxe5 54. fxe5 Kf7 55. g4 Ke7 56. Bxa3+ Kf7 57. Qb4 Qxb4 58. Bxb4 Ne3 59. g5 Ng2 60. Ba3 Nxh4 61. Kb3 Nf3 62. Bc1 Nh4 63. Kb4 Nf5 64. Kxb5 Ne7 65. Be3 Ke8 66. c4 dxc4 67. Kxc4 Nd5 68. Bd2 Kf7 69. Kc5 Ne7 70. Kd6 Nd5 71. Ba5 Ne3 1/2-1/2

[Event "GRE-chT Online Rapid op 1st"]
[Site "Tornelo INT"]
[Date "2021.02.21"]
[Round "9.18"]
[White "Gavriilidis, Nikiforos"]
[Black "Sklavounos, Panayotis"]
[Result "0-1"]
[WhiteElo "1314"]
[BlackElo "1761"]
[PlyCount "40"]
[EventDate "2021.02.20"]
[EventType "team-swiss (rapid)"]
[EventRounds "9"]
[EventCountry "GRE"]
[SourceTitle "EXT 2023"]
[Source "ChessBase"]
[SourceDate "2022.10.05"]
[SourceVersion "1"]
[SourceVersionDate "2022.10.05"]
[SourceQuality "1"]

1. e4 e5 2. Nf3 Nc6 3. d4 exd4 4. c3 Nf6 5. e5 Ne4 6. cxd4 d5 7. exd6 Bxd6 8. Bd3 Bb4+ 9. Bd2 Nxd2 10. Nbxd2 0-0 11. 0-0 Nxd4 12. Nb3 Nxf3+ 13. Qxf3 Bd6 14. Rad1 Qf6 15. Ba6 Qxf3 16. gxf3 bxa6 17. Na5 Bh3 18. Rfe1 Rab8 19. b3 Rb5 20. Nc4 Rg5+ 0-1

[Event "GRE-chT Online Rapid op 1st"]
[Site "Tornelo INT"]
[Date "2021.02.21"]
[Round "8.14"]
[White "Stoikos, Grigorios"]
[Black "Gavriilidis, Nikiforos"]
[Result "1/2-1/2"]
[WhiteElo "1163"]
[BlackElo "1314"]
[PlyCount "142"]
[EventDate "2021.02.20"]
[EventType "team-swiss (rapid)"]
[EventRounds "9"]
[EventCountry "GRE"]
[SourceTitle "EXT 2023"]
[Source "ChessBase"]
[SourceDate "2022.10.05"]
[SourceVersion "1"]
[SourceVersionDate "2022.10.05"]
[SourceQuality "1"]

1. e4 g6 2. Nf3 Bg7 3. d4 d6 4. Bd3 Nf6 5. Be3 0-0 6. 0-0 Nbd7 7. Nc3 c6 8. Qd2 Qc7 9. Rfe1 e5 10. dxe5 dxe5 11. a4 a5 12. Bh6 Rd8 13. Bxg7 Kxg7 14. Ng5 Nc5 15. Qe3 b6 16. Bc4 Rf8 17. Rad1 h6 18. Nf3 Bb7 19. h4 Rfd8 20. Be2 Ng4 21. Qc1 Nf6 22. Nh2 Nfxe4 23. Nxe4 Nxe4 24. Ng4 Rh8 25. Bd3 Nc5 26. Nxe5 Nxd3 27. Nxd3 Rhe8 28. b3 Rxe1+ 29. Rxe1 Qd6 30. Qa1+ Qf6 31. Qd1 Rd8 32. Qg4 h5 33. Qg3 Bc8 34. Qe5 Bf5 35. Qxf6+ Kxf6 36. Kf1 Bxd3+ 37. cxd3 Rxd3 38. Rc1 Ke5 39. Rxc6 Rxb3 40. Rc7 Ke6 41. Ke2 b5 42. axb5 Rxb5 43. Ra7 f6 44. Ra6+ Kf5 45. g3 g5 46. hxg5 fxg5 47. Ra8 Rb2+ 48. Kf3 Rb3+ 49. Kg2 Ra3 50. Rf8+ Kg6 51. Rg8+ Kf6 52. Rf8+ Kg7 53. Ra8 Ra2 54. Ra7+ Kf6 55. Ra6+ Kf5 56. Rh6 Kg4 57. Rc6 h4 58. Rc4+ Kh5 59. g4+ Kg6 60. Rc6+ Kf7 61. Rc7+ Kf6 62. Rc6+ Ke5 63. Rc5+ Kf6 64. Rc6+ Kf7 65. Rc7+ Ke6 66. Rc6+ Ke5 67. Rc5+ Kd4 68. Rxg5 a4 69. Ra5 h3+ 70. Kxh3 Rxf2 71. Rxa4+ Ke5 1/2-1/2

[Event "GRE-chT Online Rapid op 1st"]
[Site "Tornelo INT"]
[Date "2021.02.20"]
[Round "3.24"]
[White "Bintiki, Alexandra"]
[Black "Gavriilidis, Nikiforos"]
[Result "0-1"]
[WhiteElo "1147"]
[BlackElo "1314"]
[PlyCount "122"]
[EventDate "2021.02.20"]
[EventType "team-swiss (rapid)"]
[EventRounds "9"]
[EventCountry "GRE"]
[SourceTitle "EXT 2023"]
[Source "ChessBase"]
[SourceDate "2022.10.05"]
[SourceVersion "1"]
[SourceVersionDate "2022.10.05"]
[SourceQuality "1"]

1. d4 d5 2. e3 Nf6 3. Bd3 e6 4. Nf3 Nbd7 5. 0-0 Bd6 6. Nbd2 0-0 7. b3 c5 8. Bb2 b6 9. Ne5 Bb7 10. f4 Ne4 11. Nxe4 dxe4 12. Be2 f6 13. Nc4 Be7 14. a4 f5 15. Ne5 Nf6 16. Bc4 Nd5 17. Bxd5 Bxd5 18. c4 Bb7 19. Qc2 Rf6 20. Rfd1 Qc7 21. Rd2 Rd8 22. Rad1 Rh6 23. Qb1 Bf6 24. Qa1 Be7 25. d5 exd5 26. cxd5 Rhd6 27. Nc4 Rxd5 28. Bxg7 Rxd2 29. Rxd2 Rxd2 30. Nxd2 Bd8 31. Be5 Qd7 32. Nc4 Be7 33. Qe1 Qe8 34. Qg3+ Qg6 35. Qxg6+ hxg6 36. Bb8 Ba6 37. Bxa7 Bxc4 38. bxc4 Bd8 39. Kf2 Kf7 40. Ke2 Ke6 41. Kd2 Bc7 42. Kc3 Kd6 43. h3 Kc6 44. g4 Kb7 45. Bxb6 Kxb6 46. gxf5 gxf5 47. Kb3 Bd8 48. Kc3 Ka5 49. Kd2 Kxa4 50. Kc3 Ka3 51. Kd2 Kb3 52. h4 Bxh4 53. Kc1 Kxc4 54. Kc2 Bf2 55. Kd2 Bxe3+ 56. Kxe3 Kc3 57. Ke2 Kc2 58. Ke1 c4 59. Ke2 c3 60. Ke1 Kb2 61. Kd1 c2+ 0-1

[Event "GRE-chT Online Rapid op 1st"]
[Site "Tornelo INT"]
[Date "2021.02.20"]
[Round "2.10"]
[White "Gavriilidis, Nikiforos"]
[Black "Giordos, Vasilios"]
[Result "0-1"]
[WhiteElo "1314"]
[BlackElo "2009"]
[PlyCount "110"]
[EventDate "2021.02.20"]
[EventType "team-swiss (rapid)"]
[EventRounds "9"]
[EventCountry "GRE"]
[SourceTitle "EXT 2023"]
[Source "ChessBase"]
[SourceDate "2022.10.05"]
[SourceVersion "1"]
[SourceVersionDate "2022.10.05"]
[SourceQuality "1"]

1. e4 c5 2. Nf3 d6 3. d4 cxd4 4. Nxd4 Nf6 5. Nc3 a6 6. Be2 e5 7. Nb3 Be7 8. 0-0 Be6 9. Be3 Nbd7 10. a4 Rc8 11. f4 exf4 12. Bxf4 Ne5 13. Nd2 Qb6+ 14. Kh1 Qxb2 15. Bxe5 dxe5 16. Nd5 Nxd5 17. exd5 Bxd5 18. c4 Bc6 19. Bg4 Rd8 20. Rf2 Bg5 21. Rb1 Qd4 22. Qe2 Be3 23. Nb3 Qd3 24. Qxd3 Rxd3 25. Re2 0-0 26. Nc1 Rc3 27. Na2 Rxc4 28. Rxe3 Rxg4 29. Rb2 Rxa4 30. Rxe5 Rd8 31. h3 Re4 32. Rf5 g6 33. Rf1 Rd3 34. Nb4 Rxh3+ 35. Kg1 Rhe3 36. Nxc6 bxc6 37. Rb6 Re1 38. Rxa6 Rxf1+ 39. Kxf1 Re6 40. Kf2 h5 41. Kf3 Kg7 42. Rb6 g5 43. Kf2 Kg6 44. Rb3 c5 45. Rc3 Re5 46. Kf3 f5 47. g3 Kf6 48. Rc4 Ke6 49. Ra4 Kd5 50. Ra8 c4 51. Rd8+ Kc5 52. Rh8 c3 53. Rxh5 c2 54. Rh8 Kc4 55. Rc8+ Rc5 0-1

[Event "GRE-ch North U08/14"]
[Site "Thessaloniki"]
[Date "2020.08.28"]
[Round "4"]
[White "Gavriilidis, Nikiforos"]
[Black "Tsakonas, Konstantinos"]
[Result "1/2-1/2"]
[WhiteElo "1157"]
[BlackElo "1385"]
[PlyCount "63"]
[EventDate "2020.08.26"]
[EventType "swiss"]
[EventRounds "9"]
[EventCountry "GRE"]
[SourceTitle "EXT 2023"]
[Source "ChessBase"]
[SourceDate "2022.10.05"]
[SourceVersion "1"]
[SourceVersionDate "2022.10.05"]
[SourceQuality "1"]

1. e4 e6 2. d4 d5 3. e5 c5 4. c3 Nc6 5. Nf3 Qb6 6. Be2 Nge7 7. 0-0 Ng6 8. Qb3 Qxb3 9. axb3 cxd4 10. cxd4 Be7 11. Bd2 0-0 12. Rc1 Bd7 13. b4 Bxb4 14. Bxb4 Nxb4 15. Rc7 Bc8 16. Na3 Nf4 17. Bf1 b6 18. Nb5 Ba6 19. Rxa7 Rxa7 20. Nxa7 Bxf1 21. Kxf1 Ra8 22. Ra3 Nfd3 23. Nb5 Rxa3 24. bxa3 Nc6 25. Ne1 Nb2 26. Nc2 Nc4 27. Ne3 N6a5 28. Nxc4 Nxc4 29. Ke2 Kf8 30. Kd3 Ke7 31. Kc3 Kd7 32. Kb4 1/2-1/2

[Event "GRE-ch North U08/14"]
[Site "Thessaloniki"]
[Date "2020.08.27"]
[Round "2"]
[White "Gavriilidis, Nikiforos"]
[Black "Mavridis, Emmanouil"]
[Result "0-1"]
[WhiteElo "1157"]
[BlackElo "1306"]
[PlyCount "62"]
[EventDate "2020.08.26"]
[EventType "swiss"]
[EventRounds "9"]
[EventCountry "GRE"]
[SourceTitle "EXT 2023"]
[Source "ChessBase"]
[SourceDate "2022.10.05"]
[SourceVersion "1"]
[SourceVersionDate "2022.10.05"]
[SourceQuality "1"]

1. e4 e5 2. d4 exd4 3. c3 dxc3 4. Bc4 Nf6 5. Nxc3 Bb4 6. e5 Qe7 7. Qe2 Ng8 8. Nf3 Nc6 9. 0-0 Bxc3 10. bxc3 b6 11. Nd4 Nxd4 12. cxd4 Bb7 13. a4 a5 14. Qg4 Nh6 15. Bxh6 gxh6 16. d5 0-0-0 17. Qe2 Rde8 18. f4 Qc5+ 19. Kh1 Bxd5 20. Ba6+ Kb8 21. Rfc1 Qe7 22. Qb5 Qe6 23. Rab1 Rhg8 24. Rb2 Ba8 25. Qxa5 Rg6 26. f5 Qxf5 27. Qb5 Qxe5 28. Qxd7 Qe1+ 29. Bf1 Qxc1 30. Qxe8+ Ka7 31. Rf2 Bxg2+ 0-1

[Event "GRE-ch U10"]
[Site "Rio Achaia"]
[Date "2018.07.06"]
[Round "6"]
[White "Gavriilidis, Nikiforos"]
[Black "Papakyriakos, Konstantinos"]
[Result "1-0"]
[WhiteElo "1052"]
[BlackElo "1078"]
[PlyCount "95"]
[EventDate "2018.07.03"]
[EventType "swiss"]
[EventRounds "9"]
[EventCountry "GRE"]
[SourceTitle "EXT 2019"]
[Source "ChessBase"]
[SourceDate "2018.10.10"]
[SourceVersion "1"]
[SourceVersionDate "2018.10.10"]
[SourceQuality "1"]

1. e4 e5 2. Nf3 Nc6 3. Bb5 a6 4. Bxc6 dxc6 5. Nc3 Nf6 6. Nxe5 Qd4 7. Nf3 Qd8 8. 0-0 Be7 9. d4 0-0 10. Be3 Bg4 11. h3 Bxf3 12. Qxf3 Re8 13. e5 Nd5 14. Nxd5 cxd5 15. Kh2 Rf8 16. Qe2 f6 17. f4 Qd7 18. Bd2 fxe5 19. fxe5 Qc6 20. c3 Rxf1 21. Rxf1 Rf8 22. Rxf8+ Bxf8 23. Bf4 Qa4 24. e6 Qe8 25. Bxc7 g6 26. e7 Bxe7 27. Qe6+ Kf8 28. Bd6 Bxd6+ 29. Qxd6+ Qe7 30. Qxe7+ Kxe7 31. Kg3 Kf6 32. Kf4 g5+ 33. Ke3 Kg6 34. g4 h5 35. Kd3 h4 36. c4 dxc4+ 37. Kxc4 b5+ 38. Kc5 Kf6 39. b4 Ke6 40. d5+ Ke5 41. d6 Kf4 42. d7 Kg3 43. d8Q Kxh3 44. Qxg5 Kg3 45. Kb6 h3 46. Qh5 h2 47. Qxh2+ Kxh2 48. g5 1-0

[Event "GRE-ch U10"]
[Site "Rio Achaia"]
[Date "2018.07.03"]
[Round "1"]
[White "Giannoulis, Grigorios"]
[Black "Gavriilidis, Nikiforos"]
[Result "1-0"]
[WhiteElo "1333"]
[BlackElo "1052"]
[PlyCount "65"]
[EventDate "2018.07.03"]
[EventType "swiss"]
[EventRounds "9"]
[EventCountry "GRE"]
[SourceTitle "EXT 2019"]
[Source "ChessBase"]
[SourceDate "2018.10.10"]
[SourceVersion "1"]
[SourceVersionDate "2018.10.10"]
[SourceQuality "1"]

1. c4 Nf6 2. Nc3 g6 3. g3 Bg7 4. Bg2 0-0 5. e3 c6 6. d4 d5 7. cxd5 cxd5 8. Nge2 Bf5 9. Qb3 Qd7 10. Nxd5 Nxd5 11. Qxd5 Qxd5 12. Bxd5 Nc6 13. 0-0 Nb4 14. Bb3 Bd3 15. Re1 Bc2 16. Bd2 Bxb3 17. Bxb4 Bd5 18. Bxe7 Rfe8 19. Bb4 Rad8 20. Nf4 Bc6 21. Rac1 Bh6 22. Bc5 a6 23. Nd3 Rd7 24. Ne5 Rdd8 25. Nxc6 bxc6 26. Bb6 Rd6 27. Bc7 Rde6 28. Rc5 Bg7 29. Rec1 Rc8 30. Rxc6 Rxc6 31. Rxc6 Bf8 32. Rc3 Bb4 33. Rb3 1-0

[Event "EThessaloniki SSTH HALK-ch U16"]
[Site "Thessaloniki"]
[Date "2017.11.19"]
[Round "5.4"]
[White "Gavriilidis, Nikiforos"]
[Black "Mitsis, Georgios"]
[Result "1/2-1/2"]
[WhiteElo "1029"]
[BlackElo "1329"]
[PlyCount "65"]
[EventDate "2017.10.01"]
[EventType "swiss"]
[EventRounds "6"]
[EventCountry "GRE"]
[SourceTitle "EXT 2024"]
[Source "ChessBase"]
[SourceDate "2023.10.10"]
[SourceVersion "1"]
[SourceVersionDate "2023.10.10"]
[SourceQuality "1"]

1. e4 e5 2. Nf3 Nc6 3. d4 exd4 4. Nxd4 Qf6 5. Be3 Bc5 6. c3 Nge7 7. Bc4 0-0 8. 0-0 b6 9. Qf3 Bxd4 10. Bxd4 Qxf3 11. gxf3 Nxd4 12. cxd4 Bb7 13. Nc3 Rad8 14. d5 Ng6 15. Kg2 d6 16. Nb5 a6 17. Nd4 b5 18. Bb3 Rc8 19. Rac1 Ne5 20. Rfd1 Rfd8 21. f4 Ng6 22. Kg3 Ne7 23. f3 c6 24. dxc6 Nxc6 25. Nxc6 Bxc6 26. Bd5 Bd7 27. e5 Rxc1 28. Rxc1 dxe5 29. fxe5 Rc8 30. Rxc8+ Bxc8 31. Kf4 Kf8 32. Ke4 Ke7 33. f4 1/2-1/2